[Event "XVI C.to Mondiale seniores"]
[Site "Arvier ITA"]
[Date "2006.09.11"]
[Round "1"]
[White "Masich, Vladimir"]
[Black "Westerinen, Heikki M.J."]
[Result "0-1"]
[WhiteElo "2041"]
[BlackElo "2378"]
[PlyCount "108"]
[EventDate "2006.09.11"]

1. e4 e6 2. d4 d5 3. Nc3 Bb4 4. e5 Ne7 5. a3 Bxc3+ 6. bxc3 b6 7. Qg4 Ng6 8. h4
h5 9. Qg3 Ba6 10. Bxa6 Nxa6 11. Qd3 Nb8 12. Bg5 Qd7 13. Ne2 c5 14. a4 Nc6 15.
O-O Rc8 16. Rfb1 Na5 17. Ra2 Qc6 18. Qa6 Rc7 19. g3 O-O 20. Qd3 cxd4 21. cxd4
Qc4 22. Qxc4 Nxc4 23. c3 Rfc8 24. Kg2 Kf8 25. Rb4 Ke8 26. Rb1 Kd7 27. Nc1 Na5
28. Bd2 Ne7 29. Nb3 Nxb3 30. Rxb3 Nc6 31. Rb1 Na5 32. Kf1 Nc4 33. Be1 Kc6 34.
Ke2 Rb8 35. a5 a6 36. axb6 Rxb6 37. Rxb6+ Kxb6 38. Kd3 a5 39. Bd2 Ra7 40. Bc1
a4 41. Kc2 f6 42. f4 fxe5 43. dxe5 Kb5 44. Ra1 Kc5 45. Kd3 a3 46. Kc2 d4 47.
cxd4+ Kxd4 48. Bd2 Nxd2 49. Kxd2 Ke4 50. Ke2 a2 51. Kf2 Kd4 52. g4 hxg4 53. Kg3
Kc3 54. Kxg4 Kb2 0-1

[Event "XVI C.to Mondiale seniores"]
[Site "Arvier ITA"]
[Date "2006.09.11"]
[Round "1"]
[White "Mayers, Dan E."]
[Black "Piankov, Evgenij"]
[Result "0-1"]
[WhiteElo "2001"]
[BlackElo "2324"]
[PlyCount "88"]
[EventDate "2006.09.11"]

1. e4 c6 2. d4 d5 3. f3 g6 4. c3 Bg7 5. Bd3 Nh6 6. Bf4 f6 7. Ne2 e5 8. Be3 O-O
9. Nd2 dxe4 10. Nxe4 Nf5 11. Bf2 b6 12. Qb3+ Kh8 13. O-O-O Qe7 14. Kb1 Be6 15.
Qc2 Nd7 16. h4 exd4 17. h5 g5 18. h6 Nxh6 19. Nxd4 Ne5 20. Rde1 Bg8 21. g4 c5
22. Nb5 Rad8 23. Bf1 Bf7 24. c4 Bg6 25. Nbc3 Nxf3 26. Re2 Nxg4 27. Ka1 Nxf2 28.
Rxf2 Nd4 29. Qb1 f5 30. Ng3 Qe3 31. Rfh2 Qxg3 32. Bd3 Qxd3 33. Qxd3 Nb3+ 34.
axb3 Rxd3 35. Nd5 Re8 36. Rg1 g4 37. Nf4 Rd6 38. Rgh1 Kg8 39. Nh5 Re3 40. Ka2
g3 41. Rh4 g2 42. Rg1 Bxh5 43. Rxh5 Re2 44. Rg5 Rg6 0-1

[Event "XVI C.to Mondiale seniores"]
[Site "Arvier ITA"]
[Date "2006.09.11"]
[Round "1"]
[White "Neudel, Bernd"]
[Black "Kristiansen, Erling"]
[Result "0-1"]
[WhiteElo "1969"]
[BlackElo "2236"]
[PlyCount "78"]
[EventDate "2006.09.11"]

1. d4 Nf6 2. Nf3 g6 3. g3 Bg7 4. Bg2 O-O 5. O-O d6 6. c4 Nbd7 7. Nc3 e5 8. dxe5
dxe5 9. e4 c6 10. Qc2 Qc7 11. b3 Nc5 12. Bb2 Bg4 13. Ne1 Ne6 14. Ne2 Bxe2 15.
Qxe2 Nd4 16. Bxd4 exd4 17. Nd3 Rfe8 18. f3 Rad8 19. Qd2 Nd7 20. Rad1 Ne5 21.
Nxe5 Rxe5 22. Qc2 Re7 23. Rd3 f5 24. exf5 gxf5 25. f4 Rde8 26. Rd2 Qa5 27. Bh3
Re4 28. b4 Qxb4 29. Bxf5 d3 30. Bxh7+ Kxh7 31. Rxd3 Qxc4 32. Qd1 Re2 33. Rdf3
Qd4+ 34. Kh1 Qb2 35. Qb1+ Qxb1 36. Rxb1 Rxa2 37. f5 Ree2 38. f6 Bf8 39. Rf5 b6
0-1

[Event "XVI C.to Mondiale seniores"]
[Site "Arvier ITA"]
[Date "2006.09.11"]
[Round "1"]
[White "Profaizer, Gino"]
[Black "Zakharov, Alexander"]
[Result "0-1"]
[WhiteElo "2060"]
[BlackElo "2395"]
[PlyCount "56"]
[EventDate "2006.09.11"]

1. d4 Nf6 2. c4 g6 3. Nc3 Bg7 4. e4 O-O 5. Bg5 c5 6. d5 h6 7. Be3 d6 8. f3 e6
9. Qd2 exd5 10. cxd5 Re8 11. Bb5 Bd7 12. Bc4 b5 13. Bxb5 Nxe4 14. fxe4 Bxc3 15.
Qxc3 Qh4+ 16. Bf2 Qxe4+ 17. Be2 Qxg2 18. Qf3 Rxe2+ 19. Qxe2 Qxh1 20. O-O-O Qg2
21. Bg3 Qxe2 22. Nxe2 Bg4 23. Rd2 Bxe2 24. Rxe2 Na6 25. Re7 Nb4 26. Bxd6 Rd8
27. Be5 Kf8 28. Bf6 Rd6 0-1

[Event "XVI C.to Mondiale seniores"]
[Site "Arvier ITA"]
[Date "2006.09.11"]
[Round "1"]
[White "Rosino, Antonio"]
[Black "Trifunovic, Dusan"]
[Result "1-0"]
[WhiteElo "2290"]
[BlackElo "1985"]
[PlyCount "93"]
[EventDate "2006.09.11"]

1. e4 e5 2. Nf3 d6 3. d4 Nf6 4. Nc3 Nbd7 5. Bc4 Be7 6. O-O O-O 7. h3 c6 8. a4
Qc7 9. Re1 h6 10. Bb3 Re8 11. dxe5 dxe5 12. Nh4 Nc5 13. Ba2 Be6 14. Bxe6 Nxe6
15. Nf5 Bf8 16. Be3 Kh7 17. Qf3 Ng8 18. h4 g6 19. Ng3 Nd4 20. Bxd4 exd4 21.
Nce2 Bg7 22. h5 Rad8 23. Nf4 Be5 24. Nge2 Rf8 25. Qg4 Kg7 26. hxg6 Nf6 27. Qh4
c5 28. gxf7 Qxf7 29. Nd3 Nd7 30. f4 Bc7 31. e5 Qg6 32. b3 Rde8 33. Ng3 b6 34.
Re2 a6 35. Rf1 b5 36. axb5 axb5 37. f5 Qg5 38. Nh5+ Kh8 39. Qxg5 hxg5 40. e6 c4
41. bxc4 bxc4 42. Nb4 Kh7 43. Nd5 Bd6 44. g4 Kh6 45. Kg2 Ne5 46. Rh1 Nxg4 47.
Nhf6+ 1-0

[Event "XVI C.to Mondiale seniores"]
[Site "Arvier ITA"]
[Date "2006.09.11"]
[Round "1"]
[White "Rotelli, Pietro"]
[Black "Boey, Josef Martin"]
[Result "0-1"]
[WhiteElo "1983"]
[BlackElo "2277"]
[PlyCount "108"]
[EventDate "2006.09.11"]

1. d4 d6 2. c4 g6 3. Nc3 Bg7 4. e4 Nd7 5. Nf3 e5 6. Be3 Ne7 7. Qd2 exd4 8. Nxd4
Ne5 9. f3 a6 10. Be2 O-O 11. O-O N7c6 12. Rad1 Nxd4 13. Bxd4 Be6 14. b3 c5 15.
Be3 Qa5 16. Nd5 Qxd2 17. Rxd2 Nc6 18. Nc7 Rad8 19. Rfd1 Bd4 20. Bxd4 Nxd4 21.
Nd5 Bxd5 22. exd5 Rfe8 23. Kf2 Re7 24. Bd3 f5 25. Re1 Rde8 26. Rxe7 Rxe7 27.
Rd1 Kf7 28. Re1 Rxe1 29. Kxe1 f4 30. Kf2 h6 31. h4 g5 32. hxg5 hxg5 33. g4 Ke7
34. Be4 b5 35. Ke1 bxc4 36. bxc4 Kd7 37. Kd2 Kc7 38. Kc3 Kb6 39. Kb2 Ka5 40.
Ka3 Kb6 41. Kb2 a5 42. Ka3 Ne2 43. Kb2 Kc7 44. Kc2 Kd7 45. Kd2 Nd4 46. Ke1 Ke7
47. Kf2 Kf6 48. Bd3 Ke5 49. Be4 a4 50. Bd3 a3 51. Bb1 Kf6 52. Be4 Nb3 53. Ke1
Na5 54. Bd3 Ke5 0-1

[Event "XVI C.to Mondiale seniores"]
[Site "Arvier ITA"]
[Date "2006.09.11"]
[Round "1"]
[White "Santos, Julio"]
[Black "Plachetka, Jan"]
[Result "0-1"]
[WhiteElo "2090"]
[BlackElo "2427"]
[PlyCount "114"]
[EventDate "2006.09.11"]

1. e4 c5 2. Nf3 d6 3. d4 cxd4 4. Nxd4 Nf6 5. Nc3 Nc6 6. Be2 e5 7. Nb3 Be7 8.
Be3 O-O 9. O-O Be6 10. Bf3 a5 11. Nd5 a4 12. Nd2 Bxd5 13. exd5 Nb4 14. c4 Nd7
15. a3 Nd3 16. Qc2 N3c5 17. b4 axb3 18. Nxb3 Nxb3 19. Qxb3 Bg5 20. Be2 Bxe3 21.
Qxe3 f5 22. f3 Nc5 23. Rfb1 Ra6 24. Rb5 Qc7 25. Bd3 f4 26. Qe2 Rfa8 27. Qc2 g6
28. Qc3 Kg7 29. Bc2 Ra5 30. Qb4 Rxb5 31. Qxb5 Kf7 32. a4 Qa5 33. Qxa5 Rxa5 34.
Rb1 Ra6 35. Kf2 Kf6 36. Rb4 h6 37. Ke2 g5 38. h3 h5 39. Rb1 e4 40. fxe4 Ke5 41.
Rb4 g4 42. hxg4 hxg4 43. Kd2 Ra8 44. Bd1 Rg8 45. Bc2 Rh8 46. Rb1 Rh2 47. Rg1
Kd4 48. Kc1 Kc3 49. Bd1 Nd3+ 50. Kb1 Ne5 51. c5 dxc5 52. d6 Rh6 53. Be2 Rxd6
54. Rc1+ Kb4 55. Rf1 Rd2 56. Bd1 c4 57. Kc1 Rxg2 0-1

[Event "XVI C.to Mondiale seniores"]
[Site "Arvier ITA"]
[Date "2006.09.11"]
[Round "1"]
[White "Scarpellini, Felice"]
[Black "Wagner, Carl E."]
[Result "0-1"]
[WhiteElo "1913"]
[BlackElo "2209"]
[PlyCount "156"]
[EventDate "2006.09.11"]

1. c4 Nf6 2. Nc3 c5 3. g3 g6 4. Bg2 Bg7 5. Nf3 O-O 6. O-O Nc6 7. a3 d6 8. Rb1
a5 9. d3 e5 10. e4 h6 11. Nb5 Ne8 12. Ne1 Be6 13. f4 f5 14. Nc2 Qd7 15. Bd2 Kh7
16. b4 axb4 17. axb4 b6 18. Bc3 fxe4 19. Bxe4 d5 20. cxd5 Bxd5 21. Bxd5 Qxd5
22. Qf3 Rd8 23. Qxd5 Rxd5 24. bxc5 bxc5 25. Rbd1 exf4 26. Bxg7 Nxg7 27. gxf4
Rdf5 28. d4 cxd4 29. Nbxd4 Nxd4 30. Nxd4 Rxf4 31. Rxf4 Rxf4 32. Ne2 Ra4 33. Rd7
g5 34. Ng3 Kg8 35. Rd8+ Kf7 36. Rd7+ Kf6 37. Rd6+ Ne6 38. Rd2 Ra6 39. Rb2 Ke5
40. Rb5+ Kf6 41. Rb2 Rc6 42. Nf1 Nf4 43. Ra2 Kf5 44. Ne3+ Ke4 45. Nf1 Kf3 46.
Ra3+ Kg4 47. Ne3+ Kh4 48. Nf5+ Kh5 49. Ng3+ Kg4 50. Nf1 Nh3+ 51. Kh1 Rc1 52.
Kg2 Nf4+ 53. Kf2 Rc2+ 54. Ke1 Re2+ 55. Kd1 h5 56. Rg3+ Kh4 57. Rf3 Ra2 58. Rc3
g4 59. Ke1 Re2+ 60. Kd1 Rb2 61. Ke1 Re2+ 62. Kd1 Re5 63. Ng3 Ne6 64. Ne2 Ng5
65. Nf4 Ne4 66. Ra3 Kg5 67. Nd3 Rf5 68. Ke2 h4 69. Ne1 h3 70. Ra8 Rf2+ 71. Ke3
Rxh2 72. Rg8+ Kf5 73. Nd3 Ra2 74. Rf8+ Nf6 75. Nf2 h2 76. Rh8 g3 77. Nd3 g2 78.
Rxh2 g1=Q+ 0-1

[Event "XVI C.to Mondiale seniores"]
[Site "Arvier ITA"]
[Date "2006.09.11"]
[Round "1"]
[White "Schwertel, Johann"]
[Black "Donchenko, Anatoly G."]
[Result "0-1"]
[WhiteElo "2063"]
[BlackElo "2405"]
[PlyCount "134"]
[EventDate "2006.09.11"]

1. d4 Nf6 2. Nf3 e6 3. c3 b6 4. g3 Bb7 5. Bg2 d6 6. O-O Nbd7 7. Nbd2 Be7 8. Qc2
c5 9. e4 Rc8 10. Re1 cxd4 11. Nxd4 Qc7 12. N2b3 O-O 13. f3 a6 14. Be3 b5 15.
Rac1 Rfe8 16. Qf2 Ne5 17. Qe2 Nc4 18. Bf2 Bf8 19. Qc2 d5 20. Nd2 Nxd2 21. Qxd2
dxe4 22. fxe4 Ng4 23. Qe2 Nxf2 24. Kxf2 e5 25. Nf3 Qb6+ 26. Kf1 a5 27. Bh3 Rc4
28. Nd2 Rc7 29. Red1 g6 30. Rc2 Rd8 31. Re1 Rc6 32. Bg4 Bh6 33. h4 b4 34. c4
Bxd2 35. Rxd2 Rxd2 36. Qxd2 Rxc4 37. Bf3 Qd4 38. Qe2 Qc5 39. Qf2 Qxf2+ 40. Kxf2
Rc2+ 41. Re2 Rxe2+ 42. Kxe2 h6 43. Ke3 Kf8 44. Bd1 Ke7 45. a3 bxa3 46. bxa3 Bc8
47. Ba4 Be6 48. Bb5 f6 49. Be2 Kd6 50. Kd3 Kc5 51. Kc3 Bd7 52. Bd3 f5 53. h5
fxe4 54. Bxe4 g5 55. Bf3 Bf5 56. Kb3 Kd4 57. Ka4 e4 58. Bd1 e3 59. Kxa5 Bd3 60.
Kb6 e2 61. Bxe2 Bxe2 62. Kc6 Ke5 63. a4 Bxh5 64. a5 Bf3+ 65. Kc5 h5 66. Kc4 Kf5
67. Kd3 Kg4 0-1

[Event "XVI C.to Mondiale seniores"]
[Site "Arvier ITA"]
[Date "2006.09.11"]
[Round "1"]
[White "Sorokin, Valentin"]
[Black "De Leeuw, Johannes"]
[Result "1-0"]
[WhiteElo "2337"]
[BlackElo "2001"]
[PlyCount "49"]
[EventDate "2006.09.11"]

1. d4 d5 2. Nf3 Nf6 3. c4 e6 4. Nc3 Nbd7 5. Bf4 c6 6. e3 Be7 7. Bd3 O-O 8. c5
b5 9. O-O Re8 10. Qc2 Nf8 11. h3 Bb7 12. b4 a5 13. a3 a4 14. Nxb5 cxb5 15. Bxb5
Ba6 16. Bxa6 Rxa6 17. b5 Ra8 18. b6 N6d7 19. b7 Ra6 20. c6 Nb6 21. c7 Qd7 22.
b8=Q Nc4 23. Ne5 Qc8 24. Nxc4 Rc6 25. Qxa4 1-0

[Event "XVI C.to Mondiale seniores"]
[Site "Arvier ITA"]
[Date "2006.09.11"]
[Round "1"]
[White "Sotter, Gerlinde"]
[Black "Barlocco, Carlo"]
[Result "0-1"]
[WhiteElo "1876"]
[BlackElo "2183"]
[PlyCount "38"]
[EventDate "2006.09.11"]

1. d4 g6 2. c4 Bg7 3. Nc3 d6 4. e4 Nc6 5. Nf3 e5 6. d5 Nd4 7. Nxd4 exd4 8. Ne2
Qh4 9. Qd3 Nf6 10. Ng3 O-O 11. Be2 Re8 12. Qxd4 Nxe4 13. Qe3 Bd7 14. Nxe4 Rxe4
15. Qg3 Qe7 16. Be3 f5 17. Qg5 Qxg5 18. Bxg5 Rae8 19. Be3 f4 0-1

[Event "XVI C.to Mondiale seniores"]
[Site "Arvier ITA"]
[Date "2006.09.11"]
[Round "1"]
[White "Spassov, Liuben D."]
[Black "Beltrami, Nerio"]
[Result "1-0"]
[WhiteElo "2387"]
[BlackElo "2055"]
[PlyCount "53"]
[EventDate "2006.09.11"]

1. d4 Nf6 2. c4 g6 3. Nc3 Bg7 4. e4 d6 5. f3 O-O 6. Bg5 c5 7. d5 a6 8. a4 Nbd7
9. Nh3 Qa5 10. Nf2 Re8 11. Be2 e6 12. O-O exd5 13. cxd5 Qc7 14. a5 h6 15. Be3
Kh7 16. Qd2 Ne5 17. Na4 Rb8 18. Rac1 Bd7 19. Nb6 Bb5 20. b4 Bxe2 21. Qxe2 Ned7
22. bxc5 Nxc5 23. Nd3 Nfxe4 24. fxe4 Rxe4 25. Nxc5 dxc5 26. Qf3 Rxe3 27. Qxe3
1-0

[Event "XVI C.to Mondiale seniores"]
[Site "Arvier ITA"]
[Date "2006.09.11"]
[Round "1"]
[White "Speijer, Nico Bram"]
[Black "Smits, Oswald"]
[Result "1-0"]
[WhiteElo "2201"]
[BlackElo "1887"]
[PlyCount "77"]
[EventDate "2006.09.11"]

1. e4 c5 2. Nf3 d6 3. d4 cxd4 4. Nxd4 Nf6 5. Nc3 a6 6. Be3 b5 7. f3 Bb7 8. Qd2
Nbd7 9. O-O-O Rc8 10. Kb1 Nc5 11. Nb3 Ncd7 12. Qf2 g6 13. g4 Bg7 14. Bd3 O-O
15. h4 h5 16. gxh5 Nxh5 17. Nd5 Bxd5 18. exd5 Ne5 19. Be2 Nc4 20. Bd4 Qc7 21.
Rc1 Nf4 22. Bxg7 Nxe2 23. Qxe2 Kxg7 24. h5 Rh8 25. hxg6 fxg6 26. Nd4 Qd7 27.
Ne6+ Kf6 28. Qg2 Rcg8 29. Qg5+ Kf7 30. Rxh8 Rxh8 31. Rg1 Rg8 32. Qf4+ Ke8 33.
Rxg6 Rh8 34. a3 Qb7 35. Qg4 Qc8 36. Qd4 Ne5 37. Rg1 Qc4 38. Qa7 Qxd5 39. Nc7+
1-0

[Event "XVI C.to Mondiale seniores"]
[Site "Arvier ITA"]
[Date "2006.09.11"]
[Round "1"]
[White "Tatai, Stefano"]
[Black "Cavatorta, Fosco"]
[Result "1-0"]
[WhiteElo "2361"]
[BlackElo "2010"]
[PlyCount "91"]
[EventDate "2006.09.11"]

1. e4 d6 2. d4 Nf6 3. Nc3 g6 4. Nf3 Bg7 5. h3 O-O 6. Be3 Nbd7 7. Be2 e5 8. dxe5
dxe5 9. O-O b6 10. a4 Bb7 11. Nd2 Qe7 12. a5 Nc5 13. Bf3 Rfd8 14. Qc1 Ne6 15.
g3 Nd4 16. Bg2 a6 17. Re1 b5 18. Nd1 Rd7 19. f3 Rad8 20. Nf2 h5 21. h4 Kh8 22.
Bh3 Rd6 23. c3 Rc6 24. Qb1 Ne6 25. Nb3 Bc8 26. Nd3 Ng8 27. Bf1 Qf6 28. Nb4 Rcd6
29. Bg2 Bb7 30. Rf1 Bh6 31. Bf2 Ne7 32. Qe1 g5 33. hxg5 Bxg5 34. f4 Bxf4 35.
gxf4 Nxf4 36. Bh4 Qg6 37. Rxf4 exf4 38. Kh2 Rg8 39. Bf3 c5 40. Bxe7 Re6 41.
Nxc5 Bxe4 42. Nxe6 Bxf3 43. Qe5+ f6 44. Bxf6+ Kh7 45. Qc7+ Rg7 46. Qxg7+ 1-0

[Event "XVI C.to Mondiale seniores"]
[Site "Arvier ITA"]
[Date "2006.09.11"]
[Round "1"]
[White "Tschirky, Werner"]
[Black "Elfert, Aleksandr V."]
[Result "0-1"]
[WhiteElo "1815"]
[BlackElo "2166"]
[PlyCount "76"]
[EventDate "2006.09.11"]

1. e4 c5 2. Nf3 d6 3. c3 Nf6 4. Be2 g6 5. O-O Bg7 6. d3 Nc6 7. Qc2 O-O 8. Re1
b6 9. Nbd2 Bb7 10. Nf1 Rc8 11. Ng3 Qc7 12. Bf1 Qb8 13. Bf4 e5 14. Be3 d5 15.
Qb1 d4 16. Bd2 Qd6 17. c4 Rb8 18. b3 Bc8 19. h3 a6 20. a3 h6 21. Qc2 Ne7 22.
Reb1 g5 23. Nh2 g4 24. hxg4 Nxg4 25. Nxg4 Bxg4 26. Be2 Bxe2 27. Nxe2 f5 28. f3
Qg6 29. Rf1 Bf6 30. f4 Qg4 31. Rf3 Kh7 32. Qd1 Rg8 33. Qf1 fxe4 34. dxe4 d3 35.
Nc3 exf4 36. Bxf4 Bd4+ 37. Be3 Bxe3+ 38. Rxe3 Rbf8 0-1

[Event "XVI C.to Mondiale seniores"]
[Site "Arvier ITA"]
[Date "2006.09.12"]
[Round "2"]
[White "Acunzo, Domenico"]
[Black "Masich, Vladimir"]
[Result "0-1"]
[WhiteElo "1764"]
[BlackElo "2041"]
[PlyCount "76"]
[EventDate "2006.09.11"]

1. e4 c5 2. Nf3 Nc6 3. d4 cxd4 4. Nxd4 Nf6 5. Nc3 d6 6. Be2 e5 7. Nb3 Be7 8.
O-O O-O 9. f4 a5 10. a4 Nb4 11. Be3 d5 12. fxe5 Nxe4 13. Nxe4 dxe4 14. c3 Nc6
15. Nd2 Qd5 16. Bc4 Qxe5 17. Rxf7 Rxf7 18. Qb3 Nd8 19. Bd4 Bc5 20. Bxf7+ Nxf7
21. Bxc5 Qxc5+ 22. Kh1 Qe7 23. Qc4 Bf5 24. Rf1 Bg6 25. Re1 Rd8 26. Nb3 Kh8 27.
Nxa5 Ne5 28. Qe2 Nd3 29. Rf1 Qc7 30. Nb3 Qb6 31. Nd4 Qxb2 32. Qe3 Qxc3 33. h3
h6 34. Ne6 Re8 35. Nf8 Bh7 36. Qg3 Qe5 37. Qg4 e3 38. Qe2 Nf2+ 0-1

[Event "XVI C.to Mondiale seniores"]
[Site "Arvier ITA"]
[Date "2006.09.12"]
[Round "2"]
[White "Altshul, Raffael"]
[Black "Hicker, Harald"]
[Result "1-0"]
[WhiteElo "2291"]
[BlackElo "2136"]
[PlyCount "117"]
[EventDate "2006.09.11"]

1. c4 c5 2. Nc3 Nc6 3. g3 g6 4. Bg2 Bg7 5. a3 d6 6. Rb1 a5 7. Nf3 Nf6 8. O-O
O-O 9. d3 Bd7 10. Bg5 h6 11. Bd2 Kh7 12. Ne1 Qc8 13. Nc2 Bh3 14. b4 Bxg2 15.
Kxg2 axb4 16. axb4 b6 17. e4 Nd7 18. Nd5 e6 19. Nc3 Ne7 20. Qe2 Qc6 21. Kg1
Rae8 22. Ra1 d5 23. Ra7 dxc4 24. dxc4 Ra8 25. b5 Qd6 26. Rfa1 Rxa7 27. Rxa7 Nc8
28. Rb7 Ne5 29. Bf4 g5 30. Be3 g4 31. Bf4 Qd3 32. Bxe5 Qxe2 33. Nxe2 Bxe5 34.
Ne3 h5 35. Nf4 Bxf4 36. gxf4 Nd6 37. Rxb6 Nxe4 38. f5 exf5 39. Nxf5 Rd8 40.
Rh6+ Kg8 41. Rxh5 Rd1+ 42. Kg2 Nf6 43. Rg5+ Kf8 44. Ne3 Rd2 45. Nxg4 Ne4 46.
Re5 Rd4 47. Ne3 f6 48. Rd5 Rxd5 49. Nxd5 Kf7 50. Ne3 Ke6 51. f3 Nd6 52. f4 f5
53. Kg3 Kf7 54. Kh4 Kg6 55. b6 Kf6 56. Kh5 Nb7 57. Nd5+ Ke6 58. Kg6 Kd6 59. h4
1-0

[Event "XVI C.to Mondiale seniores"]
[Site "Arvier ITA"]
[Date "2006.09.12"]
[Round "2"]
[White "Andersson, Kaj"]
[Black "Sorokin, Valentin"]
[Result "0-1"]
[WhiteElo "2138"]
[BlackElo "2337"]
[PlyCount "120"]
[EventDate "2006.09.11"]

1. e4 d6 2. d4 Nf6 3. Nc3 c6 4. Bd3 e5 5. Nge2 Be7 6. O-O O-O 7. Kh1 Qb6 8. d5
Nbd7 9. Be3 Qc7 10. Ng3 Nb6 11. f4 cxd5 12. Bxb6 Qxb6 13. Nxd5 Nxd5 14. exd5
exf4 15. Rxf4 g6 16. Qf3 Bg5 17. Ne4 Qxb2 18. Rf1 Bxf4 19. Qxf4 Bf5 20. Nxd6
Bxd3 21. cxd3 Rad8 22. h4 f5 23. Re1 Rd7 24. Re6 Qb1+ 25. Kh2 Qxd3 26. Qe5 Qd2
27. Re8 Qh6 28. Qe6+ Rdf7 29. Nxf7 Qxh4+ 30. Kg1 Qd4+ 31. Kf1 Qd1+ 32. Kf2 Qd2+
33. Kg3 Rxe8 34. Qxe8+ Kg7 35. d6 f4+ 36. Kh3 Qd1 37. Qe5+ Kxf7 38. Qe7+ Kg8
39. d7 Qh5+ 40. Qh4 Qf5+ 41. Qg4 Qd5 42. Kh2 Qd6 43. Kg1 Qd4+ 44. Kf1 Kf7 45.
Qh3 Qd1+ 46. Kf2 h5 47. Qf3 Qxf3+ 48. Kxf3 Ke7 49. Kxf4 b5 50. Kg5 a5 51. Kxg6
b4 52. Kxh5 a4 53. g4 b3 54. axb3 axb3 55. g5 b2 56. g6 b1=Q 57. Kh6 Qh1+ 58.
Kg7 Kxd7 59. Kg8 Ke7 60. Kg7 Qh5 0-1

[Event "XVI C.to Mondiale seniores"]
[Site "Arvier ITA"]
[Date "2006.09.12"]
[Round "2"]
[White "Andreas, Guenter"]
[Black "Bayer, Wolfgang"]
[Result "1/2-1/2"]
[WhiteElo "1910"]
[BlackElo "2103"]
[PlyCount "129"]
[EventDate "2006.09.11"]

1. e4 c5 2. f4 d5 3. exd5 Nf6 4. Nc3 Nxd5 5. Bb5+ Bd7 6. Bxd7+ Qxd7 7. Qf3 Nb4
8. Qd1 N8c6 9. a3 Nd5 10. d3 Nxc3 11. bxc3 g6 12. Ne2 Bg7 13. Bb2 O-O 14. O-O
Rfd8 15. Qe1 e6 16. Qf2 b6 17. Rad1 Rac8 18. Kh1 Ne7 19. Qe3 h5 20. Qc1 h4 21.
Rf3 c4 22. d4 Qc6 23. Rdf1 Nf5 24. Ng1 Bf6 25. Rh3 Kg7 26. Qe1 Rh8 27. Bc1 Rh7
28. Nf3 b5 29. Ne5 Qd5 30. Qe2 Rch8 31. Qf3 Qxf3 32. Rfxf3 Ne7 33. Ng4 Nd5 34.
Nxf6 Kxf6 35. Rf1 Kf5 36. Bd2 Kg4 37. Rhf3 h3 38. Rg3+ Kf5 39. Rg5+ Kf6 40. g4
Ke7 41. Re1 Kd6 42. f5 gxf5 43. gxf5 Rh5 44. Rxh5 Rxh5 45. fxe6 fxe6 46. Rf1 e5
47. dxe5+ Kxe5 48. Kg1 Ke4 49. Rf2 a5 50. Kf1 Ne3+ 51. Ke2 Nxc2 52. Bc1 Na1 53.
Rf4+ Kd5 54. Kf2 Nb3 55. Be3 Nc5 56. Kf3 Nd3 57. Rf8 Ne5+ 58. Kg3 Ke4 59. Bd4
Rg5+ 60. Kxh3 Ng6 61. Re8+ Kd3 62. Re3+ Kd2 63. Rf3 Ke2 64. Rf2+ Kd3 65. Rf3+
1/2-1/2

[Event "XVI C.to Mondiale seniores"]
[Site "Arvier ITA"]
[Date "2006.09.12"]
[Round "2"]
[White "Barlocco, Carlo"]
[Black "Bukal, Vladimir sr"]
[Result "0-1"]
[WhiteElo "2183"]
[BlackElo "2414"]
[PlyCount "70"]
[EventDate "2006.09.11"]

1. d4 d5 2. Nf3 Nf6 3. g3 e6 4. Bg2 c5 5. c4 dxc4 6. O-O Nc6 7. Ne5 Nxe5 8.
dxe5 Nd5 9. e4 Nb4 10. Qxd8+ Kxd8 11. Na3 Nc6 12. Nxc4 Kc7 13. Bf4 Be7 14. h4
h6 15. h5 Nd4 16. Rfd1 Ne2+ 17. Kf1 Nxf4 18. gxf4 Bd7 19. Nd6 a5 20. Rac1 b6
21. Rc3 Raf8 22. Rcd3 Rhg8 23. Nf5 Bb5 24. Nxe7 Rh8 25. f5 Rd8 26. Ke2 Rxd3 27.
Rxd3 Re8 28. f6 gxf6 29. exf6 Rd8 30. Nd5+ exd5 31. exd5 Rd6 32. a4 Bxd3+ 33.
Kxd3 Rxf6 34. Ke3 Rf5 35. Bf3 Kd6 0-1

[Event "XVI C.to Mondiale seniores"]
[Site "Arvier ITA"]
[Date "2006.09.12"]
[Round "2"]
[White "Beltrami, Nerio"]
[Black "Sotter, Gerlinde"]
[Result "1-0"]
[WhiteElo "2055"]
[BlackElo "1876"]
[PlyCount "59"]
[EventDate "2006.09.11"]

1. e4 e6 2. d4 d5 3. e5 c5 4. c3 Nc6 5. Nf3 Qb6 6. a3 Nh6 7. b4 cxd4 8. cxd4
Nf5 9. Bb2 Be7 10. Be2 O-O 11. O-O Bd7 12. g4 Nh4 13. Nxh4 Bxh4 14. f4 Be7 15.
Kh1 f6 16. Qd3 fxe5 17. dxe5 Rf7 18. Nd2 Qd8 19. Nb3 a6 20. Rac1 Na7 21. f5 Rc8
22. Nd4 Bg5 23. fxe6 Rxf1+ 24. Rxf1 Be8 25. Qf3 Bg6 26. Nf5 Nc6 27. Bd3 Rc7 28.
Nd6 Bxd3 29. Qxd3 Ne7 30. Nf7 1-0

[Event "XVI C.to Mondiale seniores"]
[Site "Arvier ITA"]
[Date "2006.09.12"]
[Round "2"]
[White "Bergmann, Hans-Dieter"]
[Black "Keserovic, Milan"]
[Result "0-1"]
[WhiteElo "1639"]
[BlackElo "2230"]
[PlyCount "48"]
[EventDate "2006.09.11"]

1. e4 e5 2. f4 exf4 3. Nf3 Nf6 4. e5 Nh5 5. d4 g6 6. Bc4 Bg7 7. Nc3 O-O 8. Ne2
d6 9. Nxf4 Bg4 10. e6 Nc6 11. c3 Nxf4 12. Bxf4 fxe6 13. Bg3 Kh8 14. Be2 e5 15.
d5 Ne7 16. Bh4 c6 17. dxc6 bxc6 18. O-O Qb6+ 19. Kh1 Nd5 20. Qd2 Qe3 21. Qd1
Nf4 22. Ba6 Qb6 23. Qa4 Qxb2 24. Qxc6 Qxg2# 0-1

[Event "XVI C.to Mondiale seniores"]
[Site "Arvier ITA"]
[Date "2006.09.12"]
[Round "2"]
[White "Boey, Josef Martin"]
[Black "Wagman, Stuart"]
[Result "1/2-1/2"]
[WhiteElo "2277"]
[BlackElo "2125"]
[PlyCount "44"]
[EventDate "2006.09.11"]

1. e4 e5 2. Nf3 Nc6 3. Bb5 Nf6 4. d3 d6 5. Nbd2 Be7 6. c3 O-O 7. Nf1 a6 8. Ba4
b5 9. Bc2 d5 10. exd5 Nxd5 11. Ng3 f5 12. O-O g6 13. Re1 Bf6 14. Bb3 Re8 15.
Ne4 Kg7 16. Bxd5 Qxd5 17. Bh6+ Kf7 18. Nxf6 Kxf6 19. Qd2 Bb7 20. Qg5+ Kf7 21.
Nh4 Qd8 22. Rad1 Qxg5 1/2-1/2

[Event "XVI C.to Mondiale seniores"]
[Site "Arvier ITA"]
[Date "2006.09.12"]
[Round "2"]
[White "Buxade Roca, Guillermo"]
[Black "De Laubadere, Philippe"]
[Result "1-0"]
[WhiteElo "2202"]
[BlackElo "2002"]
[PlyCount "65"]
[EventDate "2006.09.11"]

1. c4 f5 2. Nf3 Nf6 3. g3 g6 4. Nc3 Bg7 5. Bg2 O-O 6. O-O d6 7. d4 Qe8 8. Ng5
h6 9. Nh3 e5 10. f4 e4 11. e3 a5 12. Nf2 c6 13. Rb1 Na6 14. a3 Be6 15. b3 Qd7
16. Bd2 Rfb8 17. g4 b5 18. d5 cxd5 19. cxb5 Nc5 20. gxf5 gxf5 21. a4 Qf7 22.
Kh1 d4 23. exd4 Bxb3 24. Qe1 Nxa4 25. Nxa4 Bxa4 26. b6 Nd5 27. Bxa5 Bxd4 28.
Nxe4 fxe4 29. Qxe4 Rxa5 30. Qxd4 Bc6 31. Rg1 Kf8 32. Qh8+ Ke7 33. Rge1+ 1-0

[Event "XVI C.to Mondiale seniores"]
[Site "Arvier ITA"]
[Date "2006.09.12"]
[Round "2"]
[White "Dinser, Hans"]
[Black "Zhelesny, Stanislav"]
[Result "1/2-1/2"]
[WhiteElo "1941"]
[BlackElo "2235"]
[PlyCount "43"]
[EventDate "2006.09.11"]

1. d4 Nf6 2. c4 g6 3. Nc3 d5 4. Nf3 Bg7 5. Bf4 c6 6. a4 O-O 7. Rc1 Na6 8. cxd5
Nxd5 9. Bd2 c5 10. e4 Nxc3 11. Bxc3 cxd4 12. Nxd4 Nc5 13. f3 Bxd4 14. Bxd4 Nb3
15. Qxb3 Qxd4 16. Rd1 Qc5 17. Qb5 Qe3+ 18. Be2 a6 19. Qd3 Qb6 20. Qa3 Be6 21.
a5 Qb3 22. Qxb3 1/2-1/2

[Event "XVI C.to Mondiale seniores"]
[Site "Arvier ITA"]
[Date "2006.09.12"]
[Round "2"]
[White "Donchenko, Anatoly G."]
[Black "Hvenekilde, Jorgen"]
[Result "1/2-1/2"]
[WhiteElo "2405"]
[BlackElo "2181"]
[PlyCount "132"]
[EventDate "2006.09.11"]

1. d4 d5 2. Nf3 e6 3. c4 Nf6 4. Nc3 c6 5. Bg5 dxc4 6. e4 b5 7. e5 h6 8. Bh4 g5
9. Nxg5 hxg5 10. Bxg5 Nbd7 11. exf6 Bb7 12. g3 Qb6 13. Bg2 c5 14. d5 O-O-O 15.
O-O b4 16. Rb1 Qa6 17. Qg4 bxc3 18. dxe6 Ne5 19. Qf5 Qxe6 20. Bxb7+ Kxb7 21.
bxc3+ Kc8 22. Qxe6+ fxe6 23. Kg2 Bh6 24. h4 Kc7 25. Rbe1 Rd5 26. f4 Rd2+ 27.
Kh3 Nf7 28. Rxe6 Bxg5 29. Re7+ Kd6 30. Rxf7 Ke6 31. Re7+ Kxf6 32. Rfe1 Bxh4 33.
gxh4 Rd3+ 34. R1e3 Rhd8 35. Kg4 Rxe3 36. Rxe3 Rd2 37. Re5 Rg2+ 38. Kf3 Rc2 39.
Rxc5 Rxc3+ 40. Kg4 Ra3 41. Rxc4 Rxa2 42. Rc6+ Kg7 43. Kg5 a5 44. Rc7+ Kg8 45.
f5 a4 46. Ra7 a3 47. Kf6 Ra1 48. h5 Ra2 49. Rg7+ Kh8 50. Rg3 Kh7 51. Rf3 Kg8
52. Re3 Ra1 53. Ke6 a2 54. Re2 Kh7 55. Kf6 Kh6 56. Rh2 Rb1 57. Rxa2 Rb6+ 58.
Ke5 Rb5+ 59. Ke6 Rb6+ 60. Ke7 Rb7+ 61. Ke8 Rb8+ 62. Kd7 Rb7+ 63. Kc6 Rf7 64.
Rf2 Kg5 65. h6 Rh7 66. Kd5 Kf6 1/2-1/2